00486ata a2200193 450000500170000000800410001704100080005808200160006610000160008224500430009825000160014126000150015726000160017226000090018830000180019765000250021565000300024065000220027020170109184715.0150602b xxu||||| |||| 00| 0 spa d aspa a1.1.8 S222m aSandy, Seud aMeals a la Tica: Costa Rican cook book a2 edición aCosta Rica bO. Sandy P. c2004 a108 páginas aCOCINA COSTARRICENSE aCOMIDAS Y BEBIDAS TIPICAS aRECETAS DE COCINA